000
00235nam a2200097Ia 4500
008
231212s2000 xx 000 0 und d
041
_a
eng
100
_a
Sedha R.S.
245
_a
Applied Electronics
260
_a
New Delhi
_b
S. Chand
_c
2000
999
_c
966909
_d
966909